|
|
|
|
| LEADER |
00000nam0a2200000 4500 |
| 001 |
62926 |
| 005 |
20231101212031.0 |
| 035 |
|
|
|a (RuTPU)RU\TPU\book\66747
|
| 090 |
|
|
|a 62926
|
| 100 |
|
|
|a 20040422d1992 k y0rusy50 ca
|
| 101 |
0 |
|
|a rus
|
| 102 |
|
|
|a RU
|
| 105 |
|
|
|a y z 000zy
|
| 200 |
1 |
|
|a Родина
|a Русская философия
|a Православная культура
|f И. А. Ильин
|g сост. Е. С. Троицкий
|
| 210 |
|
|
|a Москва
|c [Б. и.]
|d 1992
|
| 215 |
|
|
|a 159 с.
|
| 606 |
1 |
|
|a Русская философия
|x история
|z 20 в.
|2 stltpush
|3 (RuTPU)RU\TPU\subj\67507
|9 83282
|
| 610 |
1 |
|
|a русская философия
|
| 610 |
1 |
|
|a православная культура
|
| 610 |
1 |
|
|a родина
|
| 610 |
1 |
|
|a религиозная философия
|
| 686 |
|
|
|a Ю3(2)6
|v LBC/SL-A
|2 rubbk
|
| 700 |
|
1 |
|a Ильин
|b И. А.
|c русский религиозный философ
|f 1882-1954
|g Иван Александрович
|2 stltpush
|3 (RuTPU)RU\TPU\pers\1220
|9 544
|
| 702 |
|
1 |
|a Троицкий
|b Е. С.
|4 220
|
| 801 |
|
1 |
|a RU
|b 63413507
|c 20040422
|g PSBO
|
| 801 |
|
2 |
|a RU
|b 63413507
|c 20141007
|g PSBO
|
| 942 |
|
|
|c BK
|